[Event "Tarragona Calbet Memorial"]
[Site "Tarragona"]
[Date "2013.05.25"]
[Round "7"]
[White "Bonillo Jimenez, Julio"]
[Black "Sola Sendra, Francesco"]
[Result "0-1"]
[WhiteElo "1988"]
[BlackElo "1841"]
[PlyCount "75"]
[EventDate "2013.04.13"]
[EventType "swiss"]
[EventRounds "8"]
[EventCountry "ESP"]
[SourceTitle "EXT 2014"]
[Source "ChessBase"]
[SourceDate "2013.11.20"]
[SourceVersion "1"]
[SourceVersionDate "2013.11.20"]
[SourceQuality "1"]

1. d4 Nf6 2. Nf3 d5 3. c4 e6 4. Nc3 Be7 5. e3 0-0 6. Bd3 c5 7. 0-0 b6 8. Re1 Bb7 9. cxd5 Nxd5 10. Ne5 Nxc3 11. bxc3 Nd7 12. Nxd7 Qxd7 13. Bb2 Rfd8 14. Qc2 h6 15. Rad1 Qd5 16. f3 c4 17. Bh7+ Kh8 18. Be4 Qd7 19. Bxb7 Qxb7 20. e4 b5 21. Rb1 Qc6 22. Bc1 a5 23. Bd2 b4 24. f4 Rab8 25. Re3 Bf6 26. e5 Be7 27. g4 bxc3 28. Bxc3 Rxb1+ 29. Qxb1 Qa4 30. h4 Bb4 31. Ba1 c3 32. Qd3 c2 33. Bb2 Rc8 34. Bc1 Qxa2 35. Qa6 Qc4 36. Qxc4 Rxc4 37. Re2 a4 38. Re3 0-1

[Event "Balaguer op"]
[Site "Balaguer"]
[Date "2003.07.15"]
[Round "1"]
[White "Bonillo Jimenez, Julio"]
[Black "Mirzoev, Azer"]
[Result "0-1"]
[WhiteElo "2040"]
[BlackElo "2520"]
[PlyCount "54"]
[EventDate "2003.07.14"]
[EventType "swiss"]
[EventRounds "9"]
[EventCountry "ESP"]
[SourceTitle "CBM 095 Extra"]
[Source "ChessBase"]
[SourceDate "2003.09.04"]
[SourceVersion "1"]
[SourceVersionDate "2003.09.04"]
[SourceQuality "1"]

1. d4 e6 2. c4 d5 3. cxd5 exd5 4. g3 Nf6 5. Bg2 c6 6. Nf3 Bd6 7. 0-0 0-0 8. b3 Re8 9. Ba3 Bc7 10. Nc3 Nbd7 11. Rc1 Ne4 12. Nxe4 dxe4 13. Nd2 Nf6 14. Nc4 h5 15. Qc2 h4 16. Rfd1 hxg3 17. hxg3 Be6 18. Ne5 Bd5 19. Nc4 Ng4 20. Bh3 Nxf2 21. Kxf2 Qf6+ 22. Kg1 Qg5 23. e3 Bxc4 24. Qxc4 Qxe3+ 25. Kh1 Qxg3 26. Rc2 Qxh3+ 27. Kg1 Qg4+ 0-1

[Event "Mollerussa op-B"]
[Site "Mollerusa"]
[Date "1997.??.??"]
[Round "3"]
[White "Ponsarnau Marquilles, Jaume"]
[Black "Bonillo Jimenez, Julio"]
[Result "0-1"]
[WhiteElo "1920"]
[BlackElo "1950"]
[PlyCount "50"]
[EventDate "1997.??.??"]
[EventType "swiss"]
[EventRounds "8"]
[EventCountry "ESP"]
[SourceTitle "EXT 2003"]
[Source "ChessBase"]
[SourceDate "2002.11.25"]
[SourceVersion "1"]
[SourceVersionDate "2002.11.25"]
[SourceQuality "1"]

1. d4 Nf6 2. c4 g6 3. Nc3 Bg7 4. e4 d6 5. Nf3 0-0 6. Be2 h6 7. h3 c5 8. d5 Nbd7 9. 0-0 Nh7 10. Be3 Ne5 11. Nxe5 dxe5 12. Bxc5 f5 13. f3 f4 14. Bd3 g5 15. a4 h5 16. Be2 Rf6 17. b4 g4 18. fxg4 hxg4 19. Bxg4 Ng5 20. Ra2 Rg6 21. Kf2 Bxg4 22. hxg4 b6 23. Be3 fxe3+ 24. Kxe3 Qd6 25. Rb2 a6 0-1